| 000 | 00474nam a22001817a 4500 | ||
|---|---|---|---|
| 003 | NUST - PNEC | ||
| 005 | 20170116181156.0 | ||
| 008 | 160112b xxu||||| |||| 00| 0 eng d | ||
| 020 | _a- | ||
| 040 | _cLIBRARY | ||
| 082 | _a621.3841 KNI | ||
| 100 |
_915965 _aKnight, Stephen A. |
||
| 245 |
_aIntroduction to ultra high frequency radio engineering _cStephen A. Knight |
||
| 250 | _a- | ||
| 260 | _cc.1954 | ||
| 650 |
_915969 _aRadio Engineering _xEL |
||
| 942 |
_2ddc _cBK |
||
| 999 |
_c71229 _d71229 |
||